Bình luận văn chương

Đã lưu trong:
Bibliografiske detaljer
Hovedforfatter: Hoài Thanh
Format: Bog
Sprog:Undetermined
Udgivet: Hà Nội Giáo Dục 1998
Fag:
Tags: Tilføj Tag
Ingen Tags, Vær først til at tagge denne postø!
Thư viện lưu trữ: Trung tâm Học liệu Trường Đại học Cần Thơ
LEADER 00545nam a2200205Ia 4500
001 CTU_27463
008 210402s9999 xx 000 0 und d
020 |c 26000 
082 |a 809 
082 |b H404 
100 |a Hoài Thanh 
245 0 |a Bình luận văn chương 
245 0 |c Hoài Thanh 
260 |a Hà Nội 
260 |b Giáo Dục 
260 |c 1998 
650 |a Vietnamese literature 
650 |x History and criticism 
904 |i Minh, Qhieu sửa 
980 |a Trung tâm Học liệu Trường Đại học Cần Thơ